000 00400nam a2200145 a 4500
001 000041423
005 20201002034857.0
008 131003s1973 xxu 000 0 spa d
040 _aDO-SdBNP
_bspa
_cBNPHU
082 _axxx
_bxxx
100 1 _aIllich, Ivan
_968093
245 1 0 _aTools for conviviality. /
_cIvan Illich.
260 _aNew York :
_bPerennial Library,
_c1973.
300 _a135 p. ;
_c18 cm.
999 _c40913
_d40913